000 00454nam a2200181Ia 4500
001 22615
005 20260414150843.0
008 260414t2009||||xx |||||||||||||| ||spa||
041 _aESP
082 _a621.3822
_bD243
100 _aWilliston, Kenton
_eAUT
245 0 _aDigital signal processing :
_bworld class designs
260 _c2009
300 _axviii, 460 páginas :
_c23 cm.
650 _aTCA
654 _aCET
942 _cLIB
_dJUS
_fJUS
_2ddc
_n
999 _c22615
_d22615